00709nam a2200241 a 4500001001300000003000900013005001700022008004100039020000900080082001600089100002300105245002000128260004100148300000800189500003500197505002800232650004000260700002300300902000800323942000700331952011400338999001500452nice12345678IN_TiNIC20260116011922.0050524s1979 mada grp 000 0 eng  ac1000a297.55bKOY aKoya, C H Mohammed aHajj Pilgrimage aMadrasbMacmillan Co. of Indiac1979 a79p aincludes index and biblioraphy2 astudies in islam series aMuslim Pilgrims and Pilgrimages-Sau1 aKoya, C H Mohammed bSRS cBK 001040708StackRoom-aHMIbHMId2012-05-02g10.00l0o297.55 KOYp09191r2012-05-02v10.00w2005-05-24yBK c4907d4907